Manual de electrónica automotriz y rendimiento del motor
Guardado en:
| Autores principales: | , |
|---|---|
| Formato: | Libro |
| Lenguaje: | español |
| Publicado: |
Ciudad de México
Prentice Hall Hispanoamericana
1996
|
| Materias: | |
| Etiquetas: |
Agregar Etiqueta
Sin Etiquetas, Sea el primero en etiquetar este registro!
|
MARC
| LEADER | 00000nam a2200000 a 4500 | ||
|---|---|---|---|
| 001 | UCN8869 | ||
| 003 | CL-VaPUC | ||
| 008 | 011123e19960000MX |||||||||||||||||spa|d | ||
| 082 | 0 | 4 | |a 629.2549 |b DAL |2 21 |
| 100 | 0 | |a Dales, Davis N |e author |9 465435 | |
| 700 | 0 | |a Thiessen, Frank J |e author |9 465436 | |
| 245 | 1 | 0 | |a Manual de electrónica automotriz y rendimiento del motor |
| 300 | |a v | ||
| 942 | |c BK | ||
| 945 | |d 20011123 00:00:00 |a vberengu | ||
| 260 | |a Ciudad de México |b Prentice Hall Hispanoamericana |c 1996 | ||
| 650 | 0 | |a Motores |9 334293 | |
| 650 | 7 | |a SISTEMAS ELECTRICOS |2 CL-VaPUC |9 355342 | |
| 650 | 7 | |a SISTEMAS DE CONTROL POR COMPUTADOR |2 CL-VaPUC |9 464563 | |
| 650 | 7 | |a ENCENDIDO |2 CL-VaPUC |9 364032 | |
| 583 | |a last modification |c 20011123 00:00:00 |k Rodrigo Vera | ||
| 999 | |c 298608 |d 298606 | ||
| 952 | |0 0 |1 0 |4 0 |6 629_254900000000000_DAL_1996 |7 0 |8 A |9 354312 |a BIBMEC |b BIBMEC |d 2019-11-21 |h v.1 |i 3777618 |o 629.2549 DAL 1996 |p 3777618 |r 2024-01-19 |w 2019-11-21 |y BK |k MEC | ||
| 952 | |0 0 |1 0 |4 0 |6 629_254900000000000_DAL_1996 |7 0 |8 A |9 354313 |a BIBMEC |b BIBMEC |d 2019-11-21 |h v.2 |i 3777626 |o 629.2549 DAL 1996 |p 3777626 |r 2019-11-21 |w 2019-11-21 |y BK |k MEC | ||